சமயகுரவர் சந்தானகுரவர் சாித்திரச் சுருக்கம்/

Saved in:
Bibliographic Details
Main Author: திருஞானசம்பந்தப்பிள்ளை,ம.வே
Format: Book
Language:English
Tamil
Published: கொழும்பு: ஆலயம் வெளியீட்டகம், 2017
Subjects:
Tags: Add Tag
No Tags, Be the first to tag this record!

MARC

LEADER 00000nam a22000007a 4500
005 20260406122339.0
008 260406b |||||||| |||| 00| 0 eng d
020 |a 9789550881269 
041 |a tam  |h tam 
082 |a 294.5  |b திருஞா 
100 |a திருஞானசம்பந்தப்பிள்ளை,ம.வே.  |9 116913 
245 |a சமயகுரவர் சந்தானகுரவர் சாித்திரச் சுருக்கம்/  |c ம.வே.திருஞானசம்பந்தப்பிள்ளை. 
260 |a கொழும்பு:  |b ஆலயம் வெளியீட்டகம்,   |c 2017 
300 |a vi,103p.:   |b ill;  |c 21.5 cm 
500 |a purchased 
650 |a இந்து மதம் 
942 |c BK 
999 |c 70979  |d 70979